| 000 | 00591nam a22002057a 4500 | ||
|---|---|---|---|
| 003 | SISC | ||
| 005 | 20160404105027.0 | ||
| 008 | 130907t xxu||||| |||| 00| 0 eng d | ||
| 020 | _a0205266479 | ||
| 050 |
_aHV 40 _b.Sk59 1997 |
||
| 082 |
_aHS 361 _bSk3 1997 |
||
| 100 |
_aSkidmore, Rex Austin _917100 |
||
| 245 |
_aIntroduction to social work / _cRex A. Skidmore |
||
| 260 |
_aBoston : _bAllyn & Bacon, _cc1997. |
||
| 300 |
_a402 p. : _bill. ; _c24 cm. |
||
| 650 |
_aSocial Service _913588 |
||
| 650 |
_aSocial Casework _xUnited states _917101 |
||
| 942 |
_2lcc _cBK |
||
| 999 |
_c10611 _d10611 |
||